000 00619nam a2200205Ia 4500
005 20250923145946.0
008 008 250917s9999 xx 000 0 eng d
037 _aTextual
040 _aDSWL
_beng
_cDSWL
041 _aeng
_2eng
084 _aYX;6-L8p213,N87, N92
_qDSWL
245 0 _aProceedings of the Indo-us symposiumon community mental health
_cEd. by R.Murthy
260 _aBangalore
_b NIMHANS India
_c1987
300 _axxvii,520p.
365 _bGift
700 _a J Barbara BURNS
_9840727
925 _gGift
942 _cTEXL
_hYX;6-L8p213,N87, N92
999 _c1457824
_d1457824